Subdivision capitals closest to Poltava (UA) - Statistics

General Stats
  • This quiz has been taken 10 times
  • The average score is 15 of 20
Answer Stats
Distance (km) Answer % Correct
9 295 Donjeck
100%
1 129 Harkiv
100%
17 402 Homel
100%
10 304 Kijiv
100%
11 312 Černjihiv
80%
2 130 Dnjipro
80%
13 359 Herson
80%
7 205 Kropivnjickij
80%
14 364 Luhansk
80%
12 347 Mikolajiv
80%
3 148 Sumi
80%
6 199 Zaporižja
80%
5 183 Belgorod
60%
18 406 Brijansk
60%
4 181 Čerkasi
60%
8 266 Kursk
60%
20 442 Vinicja
60%
16 401 Voronjež
60%
19 428 Žitomir
40%
15 390 Orel
20%
No matching quizzes found
Score Distribution
Percent of People with Each Score
Percentile by Number Answered
Your Score History
You have not taken this quiz